Vplyv implementácie smernice 93/13/EHS na postavenie spotrebiteľa v zmluvných vzťahoch na finančnom trhu

Smernica Rady 93/13/EHS je jednou z mnohých predpisov upravujúcich spotrebiteľskú politiku, ktorá má pre úpravu spotrebiteľských zmlúv v práve EÚ zásadný význam. „Smernica 93/13/EHS je jedným z najdôležitejších právnych mechanizmov (a najzávažnejších zásahov) do moderného záväzkového práva, ktorá uk...

Description complète

Enregistré dans:
Détails bibliographiques
Auteur principal: Barillová, Andrea
Format: Chapitre de livre
Langue:slovaque
Sujets:
Tags: Ajouter un tag
Pas de tags, Soyez le premier à ajouter un tag!

MARC

LEADER 00000naa a2200000 4500
001 0142913
005 20231116091158.7
041 0 |a slo 
044 |a SK 
245 1 0 |a Vplyv implementácie smernice 93/13/EHS na postavenie spotrebiteľa v zmluvných vzťahoch na finančnom trhu  |c Andrea Barillová 
520 |a Smernica Rady 93/13/EHS je jednou z mnohých predpisov upravujúcich spotrebiteľskú politiku, ktorá má pre úpravu spotrebiteľských zmlúv v práve EÚ zásadný význam. „Smernica 93/13/EHS je jedným z najdôležitejších právnych mechanizmov (a najzávažnejších zásahov) do moderného záväzkového práva, ktorá ukladá členským štátom povinnosť zabezpečiť ochranu spotrebiteľa pred neprimeranými ustanoveniami v spotrebiteľských zmluvách". 
610 2 0 |a smernice 
610 2 0 |a trh finančný 
610 2 0 |a legislatíva 
610 2 0 |a ochrana spotrebiteľa 
610 2 0 |a Európska únia 
610 2 0 |a politika spotrebiteľská 
100 1 |a Barillová, Andrea